02519nab a2200265uuc45000010008000000030004000080050017000120080041000290350012000700350021000820400013001030410008001161000052001242450131001765201548003076500035018556500042018906500033019326500017019657000054019827000039020367730144020759420015022199990019022341271273OSt20240227132701.0120206e20110601 spa  a1271273 a(OCoLC)820627810 ccomduadb aspa10aBayona Rojas, Martín Alonso4auteaut940642310aCaracterización epidemiológica de la criptosporidiosis en población infantil de la región sabana centro (Cundinamarca)3 a"Criptosporidium parvum es un protozoario intracelular que infecta el epitelio gastrointestinal, ocasionando diarrea autolimitada, en pacientes inmunocompetentes y potencialmente grave en inmuno-comprometidos. El microorganismo, se transmite de persona a persona por contacto con animales infectados, por el agua de bebida, de las piscinas o por alimentos contaminados. El presente trabajo buscó contribuir al conocimiento de la criptosporidiosis en una pequeña población preescolar, mediante un estudio epidemiológico, en la región Sabana Centro (Cundinamarca-Colombia). Se obtuvieron 260 muestras de heces de niños menores de cinco años, entre julio de 2009 y abril de 2010, provenientes de centros hospitalarios y de jardines infantiles, de siete municipios evaluados. Se realizó análisis microscópico de las muestras, consistente en la tinción de Ziehl Neelsen modificada y, posteriormente, se confirmó por inmuno- cromatografia. Para analizar la fuerza de asociación entre las variables estudiadas, se llevó a cabo la prueba de X2 y prueba de Fisher y se halló el p-valor. Para rechazar la hipótesis nula, se tomó como valor de referencia un p<0,05. Se encontró una prevalencia de Cryptosporidium spp., del 7%. En los niños del presente estudio no se registró relación con ningún tipo de diarrea, ubicando la infección, por este parásito, como frecuente y asintomática. Se determinó que Cryptosporidium spp. puede afectar en cualquier momento a los niños menores de cinco años." 7aCriptosporidiosis2dcs9164608 7aParasitosis intestinales2dcs9158563 aPoblación infantil9115194 aHeces91991810aAvendaño Valenzuela, Catalina4auteaut935843110aAmaya M., Alvaro4auteaut96377540 tRevista U.D.C.A. : Actualidad y Divulgación Científica (Bogotá)gVolumen 14, Número 01, Junio 2011, 7-13w800922x0123-42260275134 cARIMP2ddc c604814d604814